000 01771 a2200241 4500
001 2162214035926770
003 UA-OsUOA
005 20260504160325.0
008 260504b un a|||| |||| 00| p ukr d
040 _aUA-OsUOA
_bukr
_cUA-OsUOA
_dUA-OsUOA
041 _aukr
080 _a821.161.2
090 _a821.161.2
_bC41
100 _aСич М.
_925168
245 _aЖитнє сонце
_bСоната в ІІІ частинах
_cМихайло Сич
260 _aЖитомир
_bВидавець ПП Пасічник
_c2006
300 _a28 с.
520 _bМихайло Сич є одним з найоригінальніших поетів Житомитщини, його творчість метафоричной образно наснажена, ніжня й мужня, добра й по-людськи тепла. Особливо зворушливо пише він про найріднішу в світі людину - матір. Пропонована поема-соната "Житнє сонце" - переконливе свідчення тому. Ця книжечка стане презентабельною не лише для Житомирської організації Національної спілки письменників України, а й усієї української поезії. ЇЇ можна поставити в один ряд з творами про матір Бориса Олійника ("Сива ластівка") та інших видатних поетів
650 _a82 Література. Літературознавство
_915
942 _cBK
_2udc
955 _a3
999 _c580640
_d580640